Xavière (Registro nro. 320353)

Detalles MARC
000 -ENCABEZADO
Número de control [NR] 01625nam a2200277 4500
005 - FECHA Y HORA DE LA ÚLTIMA TRANSACCIÓN
control field 20230616143130.0
008 - DE LONGITUD FIJA DE DATOS DE ELEMENTOS - INFORMACIÓN GENERAL
Elementos de longitud fija [NR] 220117s1925 fr ||||fr|||| 00| 0 fre d
040 ## - FUENTE DE CATALOGACION [NR]
Agencia de catalogación original [NR] CO-BoUCM
Idioma de catalogación [NR] spa
Quien Cataloga Sandra Yazo
Quien Clasifica Sandra Yazo (modificó)
041 1# - CODIGO DE IDIOMA [R]
Código de idioma para texto/pista de sonido o título separado [R] Francés
082 04 - NUMERO DE CLASIFICACION DECIMAL DEWEY [R]
Número de la edición [NR] 20
Número de clasificación [R] 843
092 ## - SIGNATURA TOPOGRAFICA LOCAL
Número de clasificación local E51N073
100 1# - ASIENTO PRINCIPAL--NOMBRE PERSONAL [NR]
Nombre personal [NR] Fabre, Ferdinand
Fechas asociadas con el nombre [NR] 1827-1898
ID Autoridad 172914
242 00 - TRADUCCION DEL TITULO POR LA AGENCIA CATALOGADORA [R]
Título [NR] Javiera
Mención de responsabilidad, etc. [NR] Ferdinando Fabre
Código de idioma del título traducido [NR] spa
245 10 - MENCION DE TITULO [NR]
Título [NR] Xavière
Mención de responsabilidad, etc. [NR] Ferdinand Fabre
260 ## - PUBLICACION, DISTRIBUCION, ETC. (PIE DE IMPRENTA) [R]
Lugar de publicación, distribución, etc. [R] París (Francés)
Nombre del editor, distribuidor, etc. [R] Librairie Plon. Plon-Nourrit et Cie. [Librería Plon. Nourrit y Compañía]
Fecha de publicación, distribución, etc. [R] 1925
300 ## - DESCRIPCION FISICA [R]
Extensión [R] 240 páginas
Dimensiones [R] 19 x 12 cm.
490 0# - MENCION DE SERIE [R]
Mención de serie [R] Bibliothèque Plon [Biblioteca Plon]
Designación numérica/secuencial del volumen [NR] 125
500 ## - NOTA GENERAL [R]
Nota general [NR] Detalles físicos: Encuadernación rústica con lomo y tapas de cartulina e impresas; la delantera, con datos de publicación, sobre ilustración en colores. Anteportada. Portada impresa en una sola tinta, con marca tipográfica de los editores (Plon). Texto impreso en una sola columna, con diferentes tipos de letra. Índice. Papel oxidado. Dobleces en esquina inferior.
505 0# - NOTA DE CONTENIDO CON FORMATO PREESTABLECIDO [R]
Nota de contenido con formato preestablecido [NR] El paraguas rojo ; Sopa de leche ; El roquete del Papa ; El pastor de Bassac ; Benito Ouradou ; San francisco en la campiña ; La merienda en la fuente, La flauta de Pan ; Rabia de Prudence ; El armario de mi tío ; Cantar de los Cantares ; Dos cómplices ; Lamentaciones del castaño ; Rosas de Jericó Carta de Roma y de Lyon…
506 ## - NOTA DE RESTRICCIONES DE ACCESO [R]
Condiciones de acceso [NR] Consulta en sala
546 ## - NOTA DE IDIOMA [R]
Nota de idioma [NR] Texto en francés
650 #7 - ASIENTO SECUNDARIO DE MATERIA - TERMINO TEMATICO [R]
9 (RLIN) 20506
Término temático o nombre geográfico como elemento de entrada [NR] Novela francesa
650 #7 - ASIENTO SECUNDARIO DE MATERIA - TERMINO TEMATICO [R]
9 (RLIN) 7794
Término temático o nombre geográfico como elemento de entrada [NR] Literatura francesa
Subdivisión cronológica [R] Siglo XIX
690 ## - ASUNTO AGREGADO LOCAL DE ENTRADA - TÉRMINO TEMÁTICO (OCLC, RLIN)
Acceso temático local Literatura europea
9 (RLIN) 26524
942 ## - ELEMENTOS DE ENTRADA AGREGADOS (KOHA)
Sistema de clasificación LOCAL
Tipo de ítem principal el descrito en 300a Libro
Edición 1
Clasificación E51N073
Existencias
Suprimido Perdido Sistema de clasificación Dañado No prestable Tipo de ítem específico Ubicación habitual Ubicación actual Localización Fecha de creación Forma de adquisición Costo Total préstamos Signatura topográfica Código de barras Última vez visto Ejemplar Price effective from Tipo de ítem
    LOCAL     Libro archivo Archivo Histórico Archivo Histórico Archivo histórico 17/01/2022 Donación 0.00   E51N073 L010670 17/01/2022 Ej.1 17/01/2022 Libro